000 00491pab a2200181 454500
008 180718b2004 xxu||||| |||| 00| 0 eng d
100 _aRaj, Papia
245 _aCaste variations in reproductive health status of women: a study of three eastern states
260 _c2004
300 _ap.326-46.
362 _aSep-Dec
650 _aHealth services
650 _aCaste
650 _aWomens health services
700 _aRaj, Aditya
773 _aSociological Bulletin
909 _a62779
999 _c62779
_d62779